000 00564nam a2200181Ia 4500
008 090124s9999 xx 000 0 und d
082 _b119171
100 _aसाठे शंकर भाऊ
245 _a माझा भाऊ आण्णाभाऊ
250 _a1
260 _c1980
300 _a131
600 _aसाठे शंकर भाऊ
630 _a माझा भाऊ आण्णाभाऊ
700 _aसाठे शंकर भाऊ
730 _a माझा भाऊ आण्णाभाऊ
942 _cBOOK
999 _c165257
_d165257